Представление документа в формате RUSMARC

ПолеНазваниеЗначение
  Тип записи c
  Библиографический уровень m
001 Контрольный номер RU/УОНБ/EK_N/666545461
005 Дата корректировки 20250520123321.5
010 Индекс ISBN __
9 Тираж 14000 экз.
013 Номер (ISMN) __
d Цена 90 к.
071 Издательские номер (звукозапись и ноты) 21
a Номер, присвоенный агентством 10993
100 Данные общей обработки __
a Данные общей обработки 20210213d1980 u y0rusy0189||||ca
101 Язык документа 0_
a Язык текста rus
a Язык текста fre
f Язык титульного листа rus
102 Страна публикации __
a Страна публикации RU
105 Кодированные данные (монография) __
a Кодированные данные (монография) y###||||000|y
125 Кодированные данные звукозаписи и нотных изданий __
a Форма изложения нотного текста с|
128 Кодированные данные (звукозаписи-физические характеристики) __
a Кодированные данные: Музыкальная форма и тональность или лад ccn
c Инструменты или голоса, рекомендуемые для солистов (устаревшее) vu||
200 Заглавие и сведения об ответственности 1_
a Заглавие Песни французских композиторов
b Общее обозначение материала Ноты
e Сведения, относящиеся к заглавию для голоса в сопровожд. фп.
f Первые сведения об ответственности сост. и пер. М. Подберезского
210 Выходные данные 1_
a Место издания Москва
c Издательство Музыка
d Дата издания 1980
215 Физическое описание __
a Объем 64 с.
d Формат 29 см
300 Общие примечания __
a Общие примечания Сведения перед нот. текстом и лит. текст на рус. и фр. яз.
327 Примечание о содержании 11
a Примечание о содержании Содерж. : Орик Ж. У старой мельницы : вальс из кф. "Мулен Руж" / сл. Ж. Ларю. - Легран М. Буду ждать тебя! / обраб. и сл. М. Подберезского ; Петь о весне : из кф. "Девушки из Рошфора" / сл. Ж. Деми. - Брассанс Ж. Зонтик / сл. и муз. Ж. Брассанса. - Азнавур Ш. Печальная Венеция / сл. Ф. Дорен ; Быть с тобой! / сл. и муз. Ш. Азнавура. - Лей Ф. Какая странная судьба / обраб. и сл. М. Подберезского. - Мажента Г. Васильки / сл. Ж. Ларю. - Морган К. Мелодия "Бимбо" / сл. М. Подберезского. - Брель Ж. Один ; Вальс на тысячи четвертей / сл. и муз. Ж. Бреля. - Филипп-Жерар М. Рифифи / сл. Ж. Ларю ; Рыцарь Парижа (Цветущая яблоня) / сл. А. Ванье. - Мориа П. Скоро ль настанет день, товарищ? / сл. Г. Бонёра. - Брюн К. Парижское танго / сл. Г. Бушора.
464 Аналитический уровень _0
1 2001
a У старой мельницы
e Твой, мельница, вальс...
e вальс из кф. "Мулен Руж"
1 700 1
a Орик
b Ж.
1 702 1
a Ларю
b Ж.
4 520
1 50010
a Мулен Руж
464 Аналитический уровень _0
1 2001
a Буду ждать тебя!
e До свиданья, милый...
1 700 1
a Легран
b М.
1 702 1
a Подберезский
b М.
4 520
4 030
464 Аналитический уровень _0
1 2001
a Зонтик
e Занавес туч скрыл горизонт...
1 700 1
a Брассанс
b Ж.
1 702 1
a Брассанс
b Ж.
4 520
464 Аналитический уровень _0
1 2001
a Печальная Венеция
e Что Венеции блеск...
1 700 1
a Азнавур
b Ш.
1 702 1
a Дорен
b Ф.
4 520
464 Аналитический уровень _0
1 2001
a Какая странная судьба
e Какая странная судьба...
1 700 1
a Лей
b Ф.
1 702 1
a Подберезский
b М.
4 520
464 Аналитический уровень _0
1 2001
a Васильки
e Видишь васильки...
1 700 1
a Мажента
b Г.
1 702 1
a Ларю
b Ж.
4 520
464 Аналитический уровень _0
1 2001
a Мелодия "Бимбо"
e Мелодия "Бимбо"...
1 700 1
a Морган
b К.
1 702 1
a Подберезский
b М.
4 520
464 Аналитический уровень _0
1 2001
a Один
e Мы с тобою вдвоем...
1 700 1
a Брель
b Ж.
1 702 1
a Брел
b Ж.
4 520
464 Аналитический уровень _0
1 2001
a Скоро ль настанет день, товарищ?
e Те кто отправились в трудный поход...
1 700 1
a Мориа
b П.
1 702 1
a Бонёр
b Г.
4 520
464 Аналитический уровень _0
1 2001
a Парижское танго
e Пусть Парижа танго снова звучит...
1 700 1
a Брюн
b К.
1 702 1
a Бушор
b Г.
4 520
464 Аналитический уровень 00
1 2001
a Петь о весне
e Если приходит опять зима...
e из кф. "Девушки из Рошфора"
1 700 1
a Легран
b М.
1 702 1
a Деми
b Ж.
4 520
1 50010
a Девушки из Рошфора
464 Аналитический уровень 00
1 2001
a Вальс на тысячи четвертей
e С первым звуком, звуком вальса...
1 700 1
a Брель
b Ж.
1 702 1
a Брель
b Ж.
4 520
464 Аналитический уровень 00
1 2001
a Рифифи
e Немало в жизни есть примеров...
1 700 1
a Филипп-Жерар
b М.
1 702 1
a Ларю
b Ж.
4 520
464 Аналитический уровень 00
1 2001
a Рыцарь Парижа (Цветущая яблоня)
e И рыцарь Парижа больше не знал...
1 700 1
a Филипп-Жерар
b М.
1 702 1
a Ванье
b А.
4 520
1 50010
a Цветущая яблоня
464 Аналитический уровень 00
1 2001
a Быть с тобой!
e Сквозь горечь мрачный дней...
1 700 1
a Азнавур
b Ш.
1 702 1
a Азнавур
b Ш.
4 520
512 Заглавие обложки 1_
a Заглавие обложки Песни французских композиторов
606 Тематические рубрики 0_
a Основная рубрика Песни зарубежных композиторов
x Основная подрубрика Лирические песни
x Основная подрубрика Песни из кинофильмов
y Географическая подрубрика Франция
610 Ключевые слова 0_
a Ключевые слова песни зарубежных композиторов
610 Ключевые слова 0_
a Ключевые слова лирические песни
610 Ключевые слова 0_
a Ключевые слова песни из кинофильмов
686 Индексы других классификаций __
a Классификационный индекс 85.943.4-42-041.5(3)я43
2 Код системы rubbk
702 Вторичная интеллектуальная ответственность _1
a Фамилия Подберезский
b Имя (инициалы) М.
4 Код отношения 220
801 Источник записи _0
a Страна RU
b Организация Ульяновская ОНБ
c Дата составления 20210213
g Правила каталогизации RCR
801 Источник записи _1
a Страна RU
b Организация Ульяновская ОНБ
c Дата составления 20210213
g Правила каталогизации RCR
901 Тип документа __
t Тип документа m
909 Создатель записи __
a Создатель записи Никитина Т. А.
938 Служебная информация __
a Имя БД noti
b Имя библиотеки УОНБ
c Имя АИБС МАРК-SQL
d Номер DOC_ID в БД 23407